Zakopane - quiz wielokrotnego wyboru - Statystyki

Ogólne statystyki
  • Ten quiz został rozwiązany 1 119 razy
  • Średni wynik to 6 z 10
Statystyki odpowiedzi
Zagadnienie Odpowiedź % Poprawnych
Jak nazywa się tradycyjny ser wędzony z Podhala? Oscypek
98%
Jak nazywa się stocznia narciarska, na której odbywają się zawody w ramach Pucharu Świata w skokach narciarskich? Wielka Krokiew
91%
Jaka jest potoczna nazwa dla Zakopanego? Zimowa stolica Polski
79%
Które z poniższych zdjęć nie przedstawia miejsca znajdującego się w Zakopanem?
76%
Jaki masyw górski góruje nad Zakopanem i jest z niego doskonale widoczny? Giewont
74%
Jak nazywała się inicjatywa z czasów II wojny światowej, która miała na celu germanizację osób z Zakopanego i okolic? Goralenvolk
64%
Kto w XIX w. zaczął popularyzować właściwości klimatyczne Zakopanego? Tytus Chałubiński
45%
Która z poniższych gmin nie posiada granicy lądowej z Zakopanem? Biały Dunajec
44%
Kto najprawdopodobniej wydał pierwszy przywilej osadniczy Zakopanemu? Stefan Batory
26%
Jak nazywa się historyczna jednostka terytorialna, w której leży Zakopane? Ziemia krakowska
16%
Nie znaleziono quizów pasujących do podanych kryteriów
Rozkład punktacji
Procent ludzi z każdym wynikiem
Percentyl według liczby udzielonych odpowiedzi
Twoja historia wyników
Nie rozwiązałeś tego quizu